¿Ciudadanía versus diversidad y marginación ? /

Uno de los propósitos centrales de este trabajo, es cuestionar la posibilidad de construir intercambios políticos basados en modelos ciudadanos de participación, cuando las condiciones materiales en las que vive la mayoría de la gente, se contrapone a los principios básicos en los que debería descan...

Cijeli opis

Spremljeno u:
Bibliografski detalji
Glavni autor: Guillen, Diana
Format: Tekst
Teme:
Oznake: Dodaj oznaku
Bez oznaka, Budi prvi tko označuje ovaj zapis!

MARC

LEADER 00000 a a2200000 04500
001 18349
003
040
100 |a Guillen, Diana  
245 |a ¿Ciudadanía versus diversidad y marginación ? /  |c Diana Guillen 
520 |a Uno de los propósitos centrales de este trabajo, es cuestionar la posibilidad de construir intercambios políticos basados en modelos ciudadanos de participación, cuando las condiciones materiales en las que vive la mayoría de la gente, se contrapone a los principios básicos en los que debería descansar cualquier caso de civilidad  
650 |a POBREZA  
650 |a MARGINALIDAD  
650 |a CIUDADANIA  
773 |g volumen 9, número 18; páginas 226-245  
999 |c 34292  |d 34292